000 00381nam a22001577a 4500
003 OSt
005 20251113101351.0
007 230 pages
008 251113b |||||||| |||| 00| 0 eng d
020 _a9789392549151
040 _c
082 _a670.42
_bSHA
245 _aEmerging Technology
_cSharma,Sanjay
260 _bkhanna Publisher
_c2022
942 _2ddc
_cBK
_k670.42
_mSHA
_n0
999 _c36290
_d36290